ნორმალური ფორმატი
MARC ფორმატი
ჩანაწერი Corporate Name
ჩანაწერთა რაოდენობა, რომელიც გამოყენებულია: 2
001 - CONTROL NUMBER
- control field: 13139
003 - CONTROL NUMBER IDENTIFIER
- control field: GE_BSU
005 - DATE AND TIME OF LATEST TRANSACTION
- control field: 20211201172624.0
008 - FIXED-LENGTH DATA ELEMENTS
- fixed length control field: 211201|| aca||aabn | a|a d
040 ## - CATALOGING SOURCE
- Original cataloging agency: GE_BSU
- Transcribing agency: GE_BSU
110 ## - HEADING--CORPORATE NAME
- Corporate name or jurisdiction name as entry element: საქართველოს სსრ მეცნიერებათა აკადემია
- Subordinate unit: აღმოსავლეთმცოდნეობის ინსტიტუტი
670 ## - SOURCE DATA FOUND
- Source citation: Work cat.: (GE_BSU)52425: გამყრელიძე, თამაზ 7541, წერის ანბანური სისტემა და ძველი ქართული დამწერლობა ანბანური წერის ტიპოლოგია და წარმომავლობა = Алфавитное письмо и древнегрузинская письменность Типология и происхождение алфавитных систем письма = Alphabetic writing and the old Georgian script /
